00452nam a2200169Ia 4500999001700000003000400017005001700021008004100038040000900079082002200088100001800110245005300128260003000181300000800211650001300219942005000232 c28464d28464OSt20201231125945.0190216s9999||||xx |||||||||||||| ||und|| coclc a894.812301bASH/O aAsha, K98029 0aOru Rathriyude Nanutha Thanuppil Ninnu /cK Asha bPen Books,aAluva:c2000. a63p aKathakal cBK2ddch894.812301iASH/Ok894.812301mASH/O